| 000 | 00595ntaaa2200205 4500 | ||
|---|---|---|---|
| 003 | 01 | ||
| 005 | 20251027201624.0 | ||
| 008 | 0714s1973 ag 01 | ||
| 040 |
_aAR-BaBN _bspa _cAR-BaBN _eaacr _dRIC |
||
| 082 | _a248.4000 L62 | ||
| 100 |
_aLimouze, Arturo H _914957 |
||
| 245 | _aEl hàbito hace el caràcter | ||
| 250 | _a1 ed. | ||
| 260 |
_aBuenos Aires : _bComité Central de Educación Religiosa, _c1931 |
||
| 300 | _a67 p | ||
| 500 | _aUn serie de pláticas acerca de la formación de buenos hábitos de conducta | ||
| 650 |
_aconducta _97047 |
||
| 650 |
_ahábitos _97499 |
||
| 942 | _cBK | ||
| 999 |
_c10879 _d10879 |
||